Biggest cities in Europe 501-1000 - Statistics

General Stats
  • This quiz has been taken 645 times
  • The average score is 77 of 500
Answer Stats
Country City Population % Correct
Ireland Cork 125 622
55%
Croatia Rijeka 128 384
50%
Luxembourg Luxembourg 124 509
48%
France Calais 73 911
43%
Sweden Linköping 119 006
43%
Finland Lahti 119 984
41%
France Metz 116 429
41%
Albania Durrës 113 249
40%
Italy Pisa 89 155
39%
Estonia Tartu 91 407
38%
Norway Tromsø 77 095
38%
Italy Udine 99 736
38%
United Kingdom Chester 87 983
37%
United Kingdom Derry 85 300
37%
Denmark Aalborg 119 219
36%
Italy Bergamo 119 684
36%
Italy Bolzano 107 760
36%
Spain Cádiz 115 439
36%
Germany Jena 110 731
36%
Norway Kristiansand 112 588
36%
Slovenia Maribor 97 019
36%
Germany Ulm 126 405
36%
Sweden Jönköping 101 126
35%
Czech Republic Liberec 104 261
35%
Sweden Norrköping 97 854
35%
Italy Ancona 99 108
34%
France Avignon 91 921
34%
United Kingdom Bath 103 614
34%
United Kingdom Blackburn 120 932
34%
France Caen 105 354
34%
Germany Cottbus 98 693
34%
France Dunkirk 87 353
34%
Ireland Galway 79 504
34%
Sweden Helsingborg 113 816
34%
Sweden Örebro 126 009
34%
France Orleans 116 685
34%
Italy Pescara 119 455
34%
Italy Syracuse 118 093
34%
Norway Drammen 101 859
33%
Austria Klagenfurt 101 765
33%
Czech Republic Olomouc 100 514
33%
Italy Trento 120 491
33%
Sweden Västerås 128 534
33%
United Kingdom Exeter 125 819
32%
Italy Monza 123 983
32%
Belgium Namur 111 603
32%
Croatia Osijek 84 104
32%
France Rouen 110 145
32%
Germany Flensburg 89 934
31%
Germany Fürth 128 223
31%
Spain Girona 103 369
31%
Italy Latina 126 612
31%
Italy Lecce 93 673
31%
Netherlands Maastricht 118 250
31%
France Nancy 104 286
31%
France Perpignan 120 158
31%
Spain Reus 106 168
31%
Germany Trier 110 674
31%
Sweden Umeå 91 640
31%
France Mulhouse 109 443
30%
France Annecy 126 924
29%
Netherlands Arnhem 110 245
29%
France Besancon 115 934
29%
United Kingdom Cheltenham 117 073
29%
Italy Como 84 808
29%
Poland Elbląg 118 582
29%
Germany Gera 92 126
29%
Germany Göttingen 116 845
29%
Germany Kaiserslautern 99 662
29%
Poland Koszalin 106 235
29%
United Kingdom Lincoln 106 415
29%
Italy Piacenza 103 294
29%
France Saint-Denis 111 135
29%
Germany Schwerin 95 609
29%
Germany Würzburg 126 954
29%
Russia Bor 76 732
28%
Portugal Coimbra 105 190
28%
United Kingdom Oldham 108 606
28%
Germany Siegen 101 943
28%
Poland Tarnów 107 498
28%
Italy Vicenza 109 290
28%
Netherlands Alkmaar 101 825
27%
Belgium Brugge 118 467
27%
Germany Heilbronn 126 458
27%
Germany Koblenz 113 388
27%
Finland Kuopio 120 210
27%
Belgium Leuven 101 032
27%
Poland Opole 127 839
27%
France Pau 77 130
27%
Poland Płock 118 268
27%
Germany Reutlingen 116 031
27%
Italy Sassari 124 111
27%
United Kingdom Stockport 111 694
27%
Germany Wolfsburg 123 840
27%
United Kingdom Worcester 102 791
27%
United Kingdom Preston 99 760
26%
Latvia Daugavpils 82 046
25%
Germany Erlangen 112 385
25%
Poland Gorzow Wielkopolski 122 589
25%
United Kingdom Grimsby 88 323
25%
United Kingdom High Wycombe 123 813
25%
Spain Jaén 112 757
25%
Germany Pforzheim 126 016
25%
Bulgaria Stara Zagora 125 732
25%
Switzerland St. Gallen 76 183
25%
United Kingdom Wigan 107 732
25%
Germany Zwickau 87 516
25%
Netherlands Zwolle 97 370
25%
Spain Algeciras 123 078
24%
United Kingdom Chelmsford 118 759
24%
United Kingdom Chesterfield 89 469
24%
Poland Chorzów 106 846
24%
United Kingdom Crawley 112 198
24%
Germany Gütersloh 100 664
24%
France La Rochelle 75 735
24%
Italy La Spezia 91 877
24%
Spain León 124 028
24%
Italy Lucca 88 822
24%
Sweden Lund 94 808
24%
Germany Moers 103 487
24%
Belgium Mons 95 705
24%
Germany Recklinghausen 110 705
24%
United Kingdom Salford 122 657
24%
Portugal Setúbal 98 470
24%
Spain Toledo 85 811
24%
Poland Tychy 126 871
24%
Poland Wałbrzych 109 971
24%
Italy Novara 101 916
23%
Lithuania Šiauliai 101 862
23%
Italy Terni 109 255
23%
Germany Tübingen 91 077
23%
Czech Republic Ústí nad Labem 91 982
23%
United Kingdom Woking 107 854
23%
Belgium Anderlecht 121 929
22%
Moldova Bălți 97 930
22%
United Kingdom Barnsley 98 924
22%
United Kingdom Gillingham 108 584
22%
Germany Ludwigsburg 93 358
22%
France Nanterre 95 105
22%
Slovakia Nitra 76 028
22%
Finland Pori 83 684
22%
United Kingdom Rotherham 111 481
22%
Switzerland Winterthur 114 211
22%
Germany Worms 83 459
22%
United Kingdom Basildon 117 681
21%
Germany Bottrop 117 388
21%
Germany Bremerhaven 113 557
21%
Poland Kalisz 99 106
21%
Slovakia Prešov 87 886
21%
Germany Salzgitter 103 866
21%
Italy Arezzo 97 842
20%
France Argenteuil 110 210
20%
Italy Brindisi 83 848
20%
Italy Catanzaro 86 590
20%
Italy Cesena 97 254
20%
Poland Dąbrowa Górnicza 118 285
20%
United Kingdom Doncaster 116 834
20%
Germany Düren 91 272
20%
Italy Forli 117 479
20%
Portugal Funchal 105 590
20%
Poland Jelenia Góra 78 335
20%
Germany Konstanz 84 446
20%
Spain Ourense 105 643
20%
Belarus Pinsk 125 900
20%
France Poitiers 88 291
20%
United Kingdom Rochdale 113 893
20%
France Roubaix 96 990
20%
United Kingdom St Helens 105 127
20%
Serbia Subotica 97 910
20%
Bosnia and Herzegovina Tuzla 74 457
20%
United Kingdom Wakefield 107 546
20%
Slovakia Žilina 80 386
20%
Romania Baia Mare 123 738
19%
Czech Republic České Budějovice 94 229
19%
United Kingdom Darlington 93 305
19%
Sweden Gävle 77 586
19%
Czech Republic Hradec Králové 92 683
19%
Poland Legnica 98 436
19%
Switzerland Luzern 82 598
19%
Czech Republic Pardubice 91 755
19%
United Kingdom West Bromwich 78 982
19%
Poland Włocławek 108 561
19%
Italy Alessandria 92 104
18%
Germany Bamberg 76 674
18%
Germany Bergisch Gladbach 111 636
18%
France Boulogne-Billancourt 120 071
18%
Germany Hildesheim 101 055
18%
Greece Ioannina 85 803
18%
United Kingdom Maidstone 119 905
18%
Romania Satu Mare 102 411
18%
France Tourcoing 97 368
18%
Italy Varese 80 039
18%
Albania Vlorë 79 513
18%
United Kingdom Basingstoke 114 402
17%
Greece Chania 88 525
17%
France Creteil 90 605
17%
United Kingdom Eastbourne 114 809
17%
United Kingdom Gateshead 122 249
17%
United Kingdom Halifax 92 923
17%
Belgium Mechelen 86 911
17%
France Montreuil 109 897
17%
Poland Nowy Sącz 83 558
17%
Hungary Nyíregyháza 116 799
17%
Bulgaria Pleven 91 119
17%
Albania Shkodër 76 000
17%
Poland Słupsk 89 780
17%
United Kingdom Solihull 127 898
17%
Germany Witten 95 876
17%
United Kingdom Worthing 115 191
17%
Czech Republic Zlín 74 478
17%
United Kingdom Burnley 83 364
16%
Poland Grudziądz 93 564
16%
Germany Hanau 97 137
16%
United Kingdom Hartlepool 90 074
16%
Hungary Kecskemét 110 687
16%
Spain Santiago de Compostela 97 848
16%
Ukraine Uzhhorod 115 542
16%
Italy Asti 74 348
15%
France Beziers 77 177
15%
Sweden Borås 81 201
15%
Romania Botoșani 106 847
15%
United Kingdom Bury 80 300
15%
United Kingdom Carlisle 74 889
15%
Albania Elbasan 78 703
15%
Russia Èlista 103 535
15%
Sweden Eskilstuna 75 488
15%
Spain Guadalajara 87 484
15%
United Kingdom Hemel Hempstead 102 870
15%
United Kingdom Mansfield 82 698
15%
Spain Mataró 129 661
15%
Belarus Orsha 106 505
15%
Kosovo Prizren 85 119
15%
United Kingdom Scunthorpe 83 583
15%
United Kingdom Southport 93 902
15%
United Kingdom Stevenage 94 081
15%
United Kingdom Sutton Coldfield 107 531
15%
Netherlands Venlo 83 480
15%
France Versailles 85 862
15%
Germany Bayreuth 74 048
14%
United Kingdom Crewe 74 949
14%
Germany Gießen 90 131
14%
Belgium Kortrijk 77 213
14%
Netherlands Leeuwarden 92 460
14%
Belarus Lida 103 391
14%
Spain Lugo 98 519
14%
Germany Lünen 85 838
14%
Germany Remscheid 111 516
14%
Poland Siedlce 77 813
14%
Italy Treviso 84 930
14%
Belgium Aalst 87 978
13%
Norway Bærum 128 233
13%
Slovakia Banská Bystrica 77 719
13%
Spain Barakaldo 101 486
13%
United Kingdom Bedford 93 378
13%
Romania Buzău 115 494
13%
Netherlands Deventer 82 780
13%
United Kingdom Dudley 84 813
13%
Germany Esslingen am Neckar 92 722
13%
United Kingdom Hastings 93 539
13%
Poland Jaworzno 90 368
13%
Turkey Lüleburgaz 119 460
13%
Germany Lüneburg 75 301
13%
Germany Marburg 76 401
13%
Ukraine Nikopol 107 464
13%
Spain San Sebastián de los Reyes 91 224
13%
United Kingdom St Albans 87 749
13%
Romania Suceava 92 121
13%
Hungary Székesfehérvár 96 940
13%
Russia Vyborg 74 054
13%
Spain Cáceres 96 255
12%
Russia Derbent 126 606
12%
Germany Marl 84 312
12%
Russia Novomoskovsk 121 674
12%
Italy Pistoia 90 479
12%
Bulgaria Sliven 83 371
12%
United Kingdom Weston-super-Mare 88 485
12%
Ukraine Alchevsk 106 550
11%
Italy Andria 97 942
11%
Ukraine Brovary 109 473
11%
Spain Ceuta 84 202
11%
Norway Fredrikstad 83 193
11%
Italy Grosseto 81 621
11%
Germany Iserlohn 91 815
11%
Italy Marsala 80 369
11%
Belarus Mazyr 105 439
11%
Spain Melilla 87 076
11%
Hungary Szombathely 78 407
11%
Germany Wilhelmshaven 75 189
11%
Ukraine Yalta 78 171
11%
Portugal Almada 95 460
10%
United Kingdom Aylesbury 88 950
10%
Italy Barletta 92 927
10%
United Kingdom Chatham 80 820
10%
Russia Cherkessk 123 148
10%
Bulgaria Dobrich 80 936
10%
Spain Getxo 77 770
10%
United Kingdom Harrogate 74 152
10%
Russia Kislovodsk 127 919
10%
Belgium La Louviere 80 944
10%
Russia Murom 105 572
10%
Poland Mysłowice 74 559
10%
United Kingdom Nuneaton 90 429
10%
Lithuania Panevėžys 84 587
10%
Spain Pontevedra 83 260
10%
Germany Villingen-Schwenningen 85 686
10%
Ukraine Yevpatoria 108 149
10%
Netherlands Zoetermeer 124 065
10%
Spain Alcalá de Guadaíra 75 533
9%
Spain Alcobendas 118 417
9%
Turkey Çerkezköy 125 461
9%
Italy Fiumicino 76 246
9%
Netherlands Helmond 79 635
9%
Poland Jastrzębie-Zdrój 88 038
9%
Russia Obninsk 116 179
9%
Ukraine Pavlohrad 103 073
9%
Russia Pushkino 108 741
9%
Germany Ratingen 86 899
9%
United Kingdom Rayleigh 99 556
9%
United Kingdom Shrewsbury 76 621
9%
Ukraine Sloviansk 106 972
9%
United Kingdom South Shields 76 862
9%
Russia Arzamas 103 396
8%
Russia Bataysk 127 444
8%
Italy Busto Arsizio 83 121
8%
Spain Ciudad Real 75 504
8%
Germany Dessau-Roßlau 79 354
8%
Russia Dimitrovgrad 112 388
8%
Italy Giugliano in Campania 118 906
8%
United Kingdom Harlow 87 189
8%
Finland Joensuu 76 935
8%
Turkey Kapaklı 111 457
8%
Russia Kaspiysk 128 663
8%
Norway Lillestrøm 86 593
8%
Ukraine Lysychansk 95 031
8%
Russia Nazran 124 169
8%
Germany Neumünster 79 905
8%
Russia Nevinnomyssk 115 627
8%
Russia Noginsk 103 063
8%
Russia Novocheboksarsk 127 586
8%
Russia Novokuybyshevsk 99 469
8%
Spain Palencia 78 144
8%
United Kingdom Rugby 76 419
8%
Russia Sergiyev Posad 98 784
8%
Russia Serpukhov 125 473
8%
Romania Târgu Jiu 82 504
8%
Italy Torre del Greco 82 329
8%
Ukraine Uman 82 154
8%
Serbia Zrenjanin 76 511
8%
Russia Anapa 94 340
7%
Ukraine Berdiansk 107 928
7%
United Kingdom Eastleigh 83 470
7%
Spain Fuengirola 82 837
7%
United Kingdom Guildford 86 611
7%
Belgium Hasselt 79 089
7%
Netherlands IJmuiden 117 440
7%
Russia Kamyshin 108 665
7%
Russia Novoshakhtinsk 105 038
7%
Russia Oktyabrsky 113 737
7%
Serbia Pančevo 76 203
7%
Italy Pesaro 96 238
7%
Romania Piatra Neamț 85 055
7%
Belarus Polotsk 80 795
7%
Russia Reutov 108 000
7%
Spain Santa Coloma de Gramenet 120 443
7%
Russia Shchyolkovo 127 292
7%
Sweden Södertälje 75 773
7%
Greece Acharnes 100 723
6%
France Aubervilliers 86 375
6%
Spain Avilés 77 791
6%
Romania Bistrița 75 076
6%
United Kingdom Bracknell 85 067
6%
France Courbevoie 81 719
6%
Germany Delmenhorst 77 503
6%
Germany Detmold 74 097
6%
Russia Dolgoprudny 117 778
6%
Romania Drobeta-Turnu Severin 92 617
6%
United Kingdom East Kilbride 75 460
6%
Romania Focșani 79 315
6%
Netherlands Hilversum 84 585
6%
Ukraine Konotop 84 787
6%
Finland Kouvola 81 187
6%
Spain Lorca 95 515
6%
Germany Minden 81 592
6%
United Kingdom Paisley 77 560
6%
Russia Ramenskoye 123 590
6%
Germany Rheine 76 123
6%
Spain Rubí 78 591
6%
Italy Sesto San Giovanni 80 589
6%
Romania Târgoviște 79 610
6%
Russia Ukhta 92 479
6%
Spain Vélez-Málaga 82 365
6%
Germany Viersen 77 376
6%
France Vitry-sur-Seine 93 557
6%
Russia Zhukovsky 107 558
6%
Greece Chalcis 74 564
5%
Spain El Ejido 83 758
5%
Spain El Puerto de Santa María 88 703
5%
Spain Las Rozas de Madrid 96 113
5%
Russia Michurinsk 89 876
5%
Russia Mikhaylovsk 95 525
5%
Ukraine Mukacheve 85 903
5%
Ukraine Oleksandriia 77 303
5%
Russia Orekhovo-Zuyevo 117 966
5%
Norway Sandnes 80 450
5%
Belgium Sint-Niklaas 79 357
5%
Russia Solikamsk 91 959
5%
United Kingdom Stockton-on-Tees 84 492
5%
United Kingdom Tamworth 73 957
5%
Russia Yelets 101 306
5%
Russia Yeysk 83 127
5%
Russia Zheleznogorsk 100 554
5%
United Kingdom Batley 83 292
4%
Russia Buzuluk 86 042
4%
France Colombes 85 177
4%
Russia Gatchina 89 311
4%
Russia Glazov 91 921
4%
United Kingdom Newcastle-under-Lyme 79 683
4%
Germany Norderstedt 79 155
4%
United Kingdom Redditch 83 010
4%
Spain Sant Cugat del Vallès 92 977
4%
Moldova Tighina 91 882
4%
Spain Torrevieja 84 667
4%
Germany Troisdorf 74 994
4%
Russia Velikiye Luki 90 485
4%
Russia Yessentuki 114 824
4%
Norway Asker 94 915
3%
France Asnieres-sur-Seine 85 191
3%
France Aulnay-sous-Bois 85 740
3%
Russia Azov 79 857
3%
Russia Bugulma 81 678
3%
France Champigny-sur-Marne 77 630
3%
Spain Cornellà de Llobregat 89 936
3%
Spain Coslada 81 391
3%
Germany Dorsten 74 515
3%
Russia Dubna 74 499
3%
Spain Gandia 75 798
3%
Germany Gladbeck 75 518
3%
United Kingdom Grays 75 940
3%
Russia Gubkin 86 073
3%
Belgium Ixelles 87 488
3%
Turkey Kırklareli 79 038
3%
Russia Kropotkin 77 074
3%
Russia Kuznetsk 79 800
3%
Belarus Maladzyechna 91 063
3%
Spain Manresa 78 245
3%
Spain Mijas 85 397
3%
Spain Orihuela 78 505
3%
Spain Pozuelo de Alarcón 87 165
3%
Italy Pozzuoli 78 870
3%
Romania Râmnicu Vâlcea 98 776
3%
Spain Rivas-Vaciamadrid 90 973
3%
France Rueil-Malmaison 78 152
3%
France Saint-Maur-des-Fosses 74 859
3%
Spain San Fernando 95 001
3%
Spain Sant Boi de Llobregat 84 500
3%
Ukraine Sievierodonetsk 101 135
3%
Belarus Soligorsk 100 824
3%
Spain Talavera de la Reina 83 663
3%
Spain Torrent 83 962
3%
Germany Velbert 81 564
3%
Russia Vidnoye 78 635
3%
Russia Votkinsk 96 861
3%
Ukraine Yenakiieve 77 053
3%
Russia Zelenodolsk 100 009
3%
Portugal Agualva-Cacém 81 083
2%
Russia Balashov 74 981
2%
United Kingdom Burton upon Trent 77 536
2%
Russia Chaykovsky 81 855
2%
Ukraine Drohobych 74 610
2%
Italy Guidonia Montecelio 86 732
2%
Netherlands Hoofddorp 74 350
2%
Ukraine Kamianets-Podilskyi 97 908
2%
Russia Lobnya 89 522
2%
Belgium Molenbeek-Saint-Jean 98 112
2%
Belarus Navapolatsk 98 122
2%
Netherlands Purmerend 81 755
2%
Portugal Queluz 74 480
2%
Russia Sarapul 94 554
2%
Russia Sarov 96 479
2%
Belgium Uccle 84 744
2%
Belarus Zhlobin 77 409
2%
United Kingdom Ashford 75 262
1%
Ukraine Berdychiv 73 999
1%
Italy Casoria 74 416
1%
France Cherbourg-en-Cotentin 79 200
1%
Spain Chiclana de la Frontera 85 150
1%
Italy Corigliano-Rossano 74 850
1%
Russia Gelendzhik 75 504
1%
Russia Kamensk-Shakhtinsky 87 113
1%
Ukraine Khrustalni 79 764
1%
Russia Kineshma 79 936
1%
Russia Klin 79 635
1%
Russia Murino 78 184
1%
Russia Novotroitsk 82 463
1%
Spain Roquetas de Mar 98 433
1%
Spain Valdemoro 77 270
1%
Russia Voskresensk 92 196
1%
Netherlands Arnhem-zuid 74 075
0%
Russia Ivanteyevka 82 779
0%
Russia Vsevolozhsk 75 660
0%
No matching quizzes found
Score Distribution
Percent of People with Each Score
Percentile by Number Answered
Your Score History
You have not taken this quiz